Vodní revue. Potápěč časopis přátel vody
| Format: | Journal |
|---|---|
| Language: | Czech |
| PhysicalDescription: | zv. 35 cm |
| Published: |
Praha
Vydavatelství časopisů MNO
[1964-1991]
Praha Magnet 1970-1978 Praha Naše vojsko 1979-1989 Praha Magnet-Press 1990-1991 |
| Subjects: |
MARC
| LEADER | 00000nas a2200000 a 4500 | ||
|---|---|---|---|
| 001 | vtls008883161 | ||
| 003 | SK-MaSNL | ||
| 005 | 20260228162120.0 | ||
| 008 | 020917d19641991xr br p r 0 0 b0cze c | ||
| 035 | |a (SVKBB03)vtls000128194 | ||
| 040 | |a SVKBB |b slo |c SVKBB |d SNK |e AACR2 | ||
| 041 | 0 | |a cze | |
| 044 | |a xr |c CZ | ||
| 072 | 7 | |a 797 |x Vodné športy. Letecké športy |2 konspekt | |
| 080 | |a 797.215 |2 2011 | ||
| 080 | |a 050 |2 2011 | ||
| 080 | |a 796/799(051) |2 2011 | ||
| 245 | 0 | 0 | |a Vodní revue. Potápěč |b časopis přátel vody |
| 247 | 1 | 0 | |a Potápěč |b dvouměsíčník Svazarmu pro sportovní potápění |f 1964-1967 |
| 247 | 1 | 0 | |a Potápěč |b měsíčník pro sportovní potápění |f 1968 |
| 247 | 1 | 0 | |a Vodní revue. Potápěč |b pro potápění, jachting a vodáky |f 1969-1971 |
| 247 | 1 | 0 | |a Vodní revue. Potápěč |b pro potápění, jachting, vodní motorismus, branné vodáctví |f 1972-1989 |
| 260 | |a Praha |b Vydavatelství časopisů MNO |c [1964-1991] | ||
| 260 | 2 | |a Praha |b Magnet |c 1970-1978 | |
| 260 | 2 | |a Praha |b Naše vojsko |c 1979-1989 | |
| 260 | 3 | |a Praha |b Magnet-Press |c 1990-1991 | |
| 300 | |a zv. |c 35 cm | ||
| 310 | |a 1x za dva mesiace |b 1970-1991 | ||
| 321 | |a 1x mesačne |b 1968-1969 | ||
| 321 | |a 1x za dva mesiace |b 1964-1967 | ||
| 362 | 0 | |a [1964-1991] | |
| 650 | 0 | 7 | |a potápanie |2 SNKPH |9 3242 |
| 655 | 7 | |a športové časopisy |2 SNKPH |9 145628 | |
| 852 | |a Štátna vedecká knižnica v Banskej Bystrici | ||
| 910 | |a snk | ||
| 999 | |c 6847 |d 8777 | ||
| 952 | |0 0 |1 1 |4 0 |7 0 |a SNK |b SNK |d 1998-05-20 |l 0 |o snkČB 3228/1974 |p 17A0142758 |r 2005-01-02 00:00:00 |t č. 1-6 |w 2026-02-21 |y PREZ | ||
| 952 | |0 0 |1 1 |4 0 |7 0 |a SNK |b SNK |d 1998-04-14 |l 0 |o snkČB 3228/1972 |p 17A0135032 |r 2005-01-02 00:00:00 |t č. 1-6 |w 2026-02-21 |y PREZ | ||
| 952 | |0 0 |1 1 |4 0 |7 0 |a SNK |b SNK |d 1998-04-14 |l 0 |o snkČB 3228/1971 |p 17A0135044 |r 2005-01-02 00:00:00 |t č. 1-6 |w 2026-02-21 |y PREZ | ||
| 952 | |0 0 |1 1 |4 0 |7 0 |a SNK |b SNK |d 1998-04-08 |l 0 |o snkČB 3228/1970 |p 17A0135721 |r 2005-01-02 00:00:00 |t č. 1-6 |w 2026-02-21 |y PREZ | ||
| 952 | |0 0 |1 1 |4 0 |7 0 |a SNK |b SNK |d 1998-04-08 |l 0 |o snkČB 3228/1969 |p 17A0135727 |r 2005-01-02 00:00:00 |t č. 1-12 |w 2026-02-21 |y PREZ | ||
| 952 | |0 0 |1 1 |4 0 |7 0 |a SNK |b SNK |d 1998-04-08 |l 0 |o snkČB 3228/1967 |p 17A0135728 |r 2005-01-02 00:00:00 |t č. 1-6 |w 2026-02-21 |y PREZ | ||
| 952 | |0 0 |1 1 |4 0 |7 0 |a SNK |b SNK |d 1998-04-08 |l 0 |o snkČB 3228/1968 |p 17A0135878 |r 2005-01-02 00:00:00 |t č. 1-12 |w 2026-02-21 |y PREZ | ||
| 952 | |0 0 |1 1 |4 0 |7 0 |a SNK |b SNK |d 1998-05-20 |l 0 |o snkČB 3228/1973 |p 17A0142659 |r 2005-01-02 00:00:00 |t č. 1-6 |w 2026-02-21 |y PREZ | ||
| 952 | |0 0 |1 1 |4 0 |7 0 |a SNK |b SNK |d 1998-06-17 |l 0 |o snkČB 3228/1976 |p 17A0143293 |r 2005-01-02 00:00:00 |t č. 1-6 |w 2026-02-21 |y PREZ | ||
| 952 | |0 0 |1 1 |4 0 |7 0 |a SNK |b SNK |d 1998-06-17 |l 0 |o snkČB 3228/1975 |p 17A0143007 |r 2005-01-02 00:00:00 |t č. 1-6 |w 2026-02-21 |y PREZ | ||
| 952 | |0 0 |1 1 |4 0 |7 0 |a SNK |b SNK |d 1998-07-01 |l 0 |o snkČB 3228/1977 |p 17A0145392 |r 2005-01-02 00:00:00 |t č. 1-6 |w 2026-02-21 |y PREZ | ||
| 952 | |0 0 |1 0 |4 0 |7 0 |a SNK |b SNK |d 1999-01-07 |i snkČIP 1430/78 |l 0 |o snkČB 3228/1977 |r 2005-01-02 00:00:00 |t č. 1-6 |w 2026-02-21 |y PREZ | ||
| 952 | |0 0 |1 1 |4 0 |7 0 |a SNK |b SNK |d 1999-01-07 |l 0 |o snkČB 3228/1978 |p 17A0175483 |r 2005-01-02 00:00:00 |t č. 1-6 |w 2026-02-21 |y PREZ | ||
| 952 | |0 0 |1 1 |4 0 |7 0 |a SNK |b SNK |d 1999-01-08 |l 0 |o snkČB 3228/16/1979 |p 17A0175567 |r 2005-01-02 00:00:00 |t č. 1-6 |w 2026-02-21 |y PREZ | ||
| 952 | |0 0 |1 1 |4 0 |7 0 |a SNK |b SNK |d 1999-01-08 |l 0 |o snkČB 3228/17/1980 |p 17A0175573 |r 2005-01-02 00:00:00 |t č. 1-6 |w 2026-02-21 |y PREZ | ||
| 952 | |0 0 |1 1 |4 0 |7 0 |a SNK |b SNK |d 1999-02-03 |l 0 |o snkČB 3228/20/1983 |p 17A0178289 |r 2005-01-02 00:00:00 |t č. 1-6 |w 2026-02-21 |y PREZ | ||
| 952 | |0 0 |1 1 |4 0 |7 0 |a SNK |b SNK |d 2003-09-08 |i snkČIP 2265/99 |l 0 |o snkČB 3228/26/1989 |p 17A0394081 |r 2005-01-02 00:00:00 |t č. 1-6 |w 2026-02-21 |y PREZ | ||
| 952 | |0 0 |1 1 |4 0 |7 0 |a SNK |b SNK |d 1999-02-02 |l 0 |o snkČB 3228/19/1982 |p 17A0178260 |r 2005-01-02 00:00:00 |t č. 1-6 |w 2026-02-21 |y PREZ | ||
| 952 | |0 0 |1 1 |4 0 |7 0 |a SNK |b SNK |d 1999-01-26 |l 0 |o snkČB 3228/18/1981 |p 17A0178922 |r 2005-01-02 00:00:00 |t č. 1-6 |w 2026-02-21 |y PREZ | ||
| 952 | |0 0 |1 1 |4 0 |7 0 |a SNK |b SNK |d 1999-02-09 |l 0 |o snkČB 3228/24/1987 |p 17A0180476 |r 2005-01-02 00:00:00 |t č. 1-6 |w 2026-02-21 |y PREZ | ||
| 952 | |0 0 |1 1 |4 0 |7 0 |a SNK |b SNK |d 1999-02-09 |l 0 |o snkČB 3228/23/1986 |p 17A0180422 |r 2005-01-02 00:00:00 |t č. 1-6 |w 2026-02-21 |y PREZ | ||
| 952 | |0 0 |1 1 |4 0 |7 0 |a SNK |b SNK |d 1999-02-10 |l 0 |o snkČB 3228/25/1988 |p 17A0180505 |r 2005-01-02 00:00:00 |t č. 1-6 |w 2026-02-21 |y PREZ | ||
| 952 | |0 0 |1 1 |4 0 |7 0 |a SNK |b SNK |d 1999-02-05 |l 0 |o snkČB 3228/22/1985 |p 17A0178162 |r 2005-01-02 00:00:00 |t č. 1-6 |w 2026-02-21 |y PREZ | ||
| 952 | |0 0 |1 1 |4 0 |7 0 |a SNK |b SNK |d 1999-02-05 |l 0 |o snkČB 3228/21/1984 |p 17A0178270 |r 2005-01-02 00:00:00 |t č. 1-6 |w 2026-02-21 |y PREZ | ||
| 952 | |0 0 |1 1 |4 0 |7 0 |a SNK |b SNK |d 1999-02-12 |l 0 |o snkČB 3228/1990 |p 17A0180563 |r 2005-01-02 00:00:00 |t č. 1-6 |w 2026-02-21 |y PREZ | ||


